Gabo periodista: antología de textos periodísticos de Gabriel García Márquez

Uloženo v:
Podrobná bibliografie
Hlavní autor: García Márquez, Gabriel (Autor)
Médium: Kniha
Jazyk:španělština
Vydáno: Bogotá Maremagnum 2016
Vydání:3a. ed
Témata:
Tagy: Přidat tag
Žádné tagy, Buďte první, kdo vytvoří štítek k tomuto záznamu!

MARC

LEADER 00000cam a2200000 a 4500
001 UCC0613
003 CL-VaPUC
008 170825e20160000ck |||||||||||||||||spa|d
020 |a 9789807309226 
082 0 4 |a Co863  |b GAR  |2 21 
100 0 |a García Márquez, Gabriel  |e author  |9 318478 
245 1 0 |a Gabo periodista: antología de textos periodísticos de Gabriel García Márquez 
250 |a 3a. ed 
300 |a 507 p 
942 |c BK 
945 |d 20170825 13:52:00  |a dcastane 
260 |a Bogotá  |b Maremagnum  |c 2016 
650 0 |a Literatura colombiana   |9 315578 
650 0 |a Periodismo   |9 310113 
650 0 |a Crónicas periodísticas  |9 334474 
583 |a last modification  |c 20170825 13:52:00  |k Rodrigo Vera 
999 |c 369388  |d 369386 
952 |0 0  |1 0  |3 erb  |4 0  |6 CO_863_000000000000000_GAR_2016  |7 0  |8 A  |9 485152  |a BIBCUR  |b BIBCUR  |i 5418100  |o Co863 GAR 2016  |p 5418100  |r 2025-04-22  |w 2019-11-24  |y BK  |z Catalogado en:20170825  |k PER